000 00210nam a22000857a 4500
008 251010b |||||||| |||| 00| 0 eng d
020 _a9781421554907
100 _aKishimoto Masashi
_97689
245 _aNaruto-16,17,18
999 _c12825
_d12825